Normal view
MARC view
- Chiappa, Roxana
Entry Nombre Personal
001 - NUMERO DE CONTROL
- campo de control: 50824
003 - IDENTIFICADOR DE NUMERO DE CONTROL
- campo de control: UPN
005 - FECHA Y HORA DE LA ÜLTIMA TRANSACCIÓN
- campo de control: 20240305113523.0
008 - DATOS DE LONGITUD FIJA
- campo de control de longitud fija: 240112|| acz||aabn | a|a d
040 ## - FUENTE DE CATALOGACIÓN
- Agencia original de catalogación: MX-MxUPN
100 1# - ENCABEZAMIENTO - NOMBRE PERSONAL
- Nombre personal: Chiappa, Roxana
370 ## - LUGAR ASOCIADO
- Place of birth: Chile
371 ## - DIRECCIÓN
- Electronic mail address: rpchiappab@academicos.uta.cl
372 ## - CAMPO DE ACTIVIDAD
- Field of activity: Educación y humanidades
- Field of activity: Docencia
670 ## - FUENTE EN LA QUE SE LOCALIZARON DATOS
- Cita de la fuente: En recurso en línea: Calidad en la educación. No. 58 (2023):
- Información localizada: página 268 (Roxana Chiappa)
- Uniform Resource Identifier: https://www.calidadenlaeducacion.cl/index.php/rce/article/view/1290
902 ## - CATALOGADOR
- Catalogador: RGJD/120124
